[Event "Linares 27th"]
[Site "Linares"]
[Date "2010.02.13"]
[Round "1"]
[White "Gelfand, Boris"]
[Black "Gashimov, Vugar"]
[Result "1/2-1/2"]
[WhiteElo "2761"]
[BlackElo "2759"]
[Annotator "Marin,M"]
[PlyCount "107"]
[EventDate "2010.02.13"]
[EventType "tourn"]
[EventRounds "10"]
[EventCountry "ESP"]
[EventCategory "21"]
[SourceTitle "CBM 135"]
[Source "ChessBase"]
[SourceDate "2010.03.17"]
[SourceVersion "1"]
[SourceVersionDate "2010.03.17"]
[SourceQuality "1"]

1. d4 Nf6 2. c4 e6 3. Nf3 c5 4. d5 d6 5. Nc3 exd5 6. cxd5 g6 7. Bf4 Bg7 ({
Later on in the tournament, in his games against Vallejo and Aronian, Gashimov
switched to the more popular} 7... a6) 8. Qa4+ Bd7 9. Qb3 b5 {A very ambitious
move.} ({The main alternative is} 9... Qc7 {In the comments to Brynell,S (2496)
-Almasi,Z (2640)/Germany 2005/CBM 110/[Marin,M] (1-0, 25), I expressed certain
scepticism and thought the text move to be critical for the assesment of the
whole variation based on the early check on a4.}) 10. Bxd6 Qb6 11. Be5 O-O 12.
e3 {I remember that when I was young I got fascinated by this position,
considering it to be rather hermetic for mere mortals and admiring those who
would play it and live to tell about it. Despite the progress of engines, I
still consider this to be valid. When trying to check the traditional point of
view, I was very surprised to see that none of my good old Russian Benoni
books (Kapengut and Stojiar/Kondratjev) mention it!} b4 {A relatively rare
move. Black wins space with gain of time, but weakens the c4-square. If White
had the time to play Nd2-c4, he would get a crushing strategic advantage.} ({
The main line is} 12... c4 13. Qd1 {and was extensively covered in the
comments to Riazantsev,A (2527)-Cheparinov,I (2457)/Batumi 2002/CBM 090/[Stohl]
(1-0, 55).}) 13. Nb1 a5 $146 {I am not very sure about the merits of this
novelty. The terrible threat of ...a4 will be parried easily, while the
weakness of the b5-square will remain. The course of the game makes me wonder
whether it was an over the board inspiration or faulty remembering of old
analysis.} ({I do not like} 13... Bf5 {either. This simply looks like a loss
of a tempo along the same diagonal and leads to similar positions as in the
game.} 14. Nbd2 Nbd7 15. Bg3 $6 {This is too slow.} ({The critical line is} 15.
Nc4 $1 {Sadly, the queen has no better squares than d8.} Qd8 16. d6 {There is
no obvious way in which Black can take advantage of his slight advance in
development.}) 15... a5 $1 {This is a much better moment to advance the a-pawn
than in our main game.} 16. Nh4 (16. a4 bxa3 $11) (16. Nc4 Qa7 17. a4 Nxd5)
16... Be4 17. d6 a4 18. Qd1 Bc6 19. Be2 a3 20. b3 Nd5 $36 {Grigore,G (2430)
-Erdogan,H (2325)/Mangalia 1992/EXT 1997 (1-0, 51)}) ({I believe that the
critical move is} 13... Bb5 {, fighting for the c4-square.} 14. Bxb5 Qxb5 {
White has developed his bishop with gain of time, but will experience some
problems getting castled.} 15. Bxf6 {In principle, this exchange is part of
White's general plan of consolidating on the light squares, but I find it to
be premature, because it transforms the black bishop into a fearsome piece.} ({
The same goes for} 15. Nc3 Qa6 16. Bxf6 Qxf6 17. Ne4 {Khenkin,I (2460)-Jaulin,
M (2235)/Paris 1991/TD (1-0, 30)} Qxb2 $1 18. Qxb2 Bxb2 19. Rb1 Bg7 20. Nxc5
Rc8 21. Nd3 a5 22. O-O Nd7 23. Rfc1 Nf6) ({Abstractly speaking, the critical
position should be the one arising after} 15. Nbd2 Nbd7 {White has a choice
between moves such as 18.d6 or 18.Rd1, but it should be mentioned that} 16.
Bxf6 $6 {is to be avoided because} Nxf6 {, with pressure on the d5-pawn, is
possible already.}) 15... Bxf6 16. Nbd2 Nd7 17. a4 {This pawn joins the fight
for the c4-square.} (17. Nc4 Nb6 $132 {[%csl Gd5]}) 17... Qa6 18. a5 {[%csl
Gb6]} (18. Nc4 Nb6 $1 19. Nxb6 axb6 20. Nd2 Rfe8 $15) 18... Rfe8 $5 {Since
White does not threaten to get castled yet, Black can make a generally useful
move. The e4-square is taken under control, for purposes that will be revealed
a bit later.} (18... c4 $6 {sacrifices too much material.} 19. Qxc4 Qxc4 20.
Nxc4 Rfc8 21. Nfd2 Ne5 22. Nxe5 Bxe5 23. Ke2 Rc2 24. Rhc1 Rxb2 25. Rab1 $16 {
Kekelidze,M (2477)-Pantsulaia,L (2386)/Tbilisi 2002/EXT 2004 (1/2, 50)}) ({
The attempt to put the d5-pawn under immediate pressure with} 18... Rfd8 {
is ineffective:} 19. Qc4 Nb8 20. Qxa6 Nxa6 21. O-O-O $1 Rxd5 22. Ne4 Rxd1+ 23.
Rxd1 Be7 24. Rd7 Kf8 25. Ne5 $16) (18... Nb6 {is ineffective because of} 19.
Ra2 {, defending the rook and forcing the knight to retreat.}) 19. Qc4 (19. Nc4
Nb6 $1 $15) 19... Qd6 20. Rb1 ({The point behind placing the rook on e8 is
revealed after} 20. Ne4 Rxe4 21. Qxe4 Bxb2 22. Rd1 Nf6 23. Qc4 Bc3+ 24. Ke2 Re8
$36) 20... Rad8 {A centralising move completing the development.} 21. O-O Ne5
22. Nxe5 Bxe5 23. g3 (23. f4 {fails to maintain the extra pawn:} Bg7 24. e4
Bd4+ 25. Kh1 f5 $11) 23... Qxd5 24. Qxd5 Rxd5 25. Nc4 Bc7 26. Rfd1 Red8 27.
Rxd5 Rxd5 28. Kf1 f5 $11 {White has obtained the ending he was dreaming of,
with just one exception: his a-pawn has advanced too far, risking being
attacked by the king. Besides, the bishop keeps the kingside under some
pressure. The most probable result is a draw.}) 14. a4 Bg4 {The consequences
of the exchange on f3 are far from one sided. personally, I am more worried by
the weaknesses of the light squares than enthusiastic about giving White
doubled pawns.} ({The main alternative is} 14... Bf5 15. Nbd2 Nbd7 16. Bb5 (16.
Nc4 Qd8 17. d6 {also looks playable, in the spirit of the line without ...a5
and a4.}) 16... Nxe5 17. Nxe5 Qd6 (17... Ne4 $5) 18. Ndc4 Qxd5 19. Bc6 Qe6 20.
Bxa8 Rxa8 {Optically, Black has some compensation for the exchange, because
all his pieces are very active, with the bishops targetting the enemy
queenside. However, White is also relatively well coordinated and seems to be
able to stand the pressure.} 21. O-O Ne4 22. f4 Nd6 23. Nd2 $14 {Black's
compensation does not seem to be 100% sufficient, but the game remains
complicated.}) 15. Nbd2 Nbd7 16. Bb5 $1 {Occupying the weakened square.} ({
One of the points behind having played ...a5 is that} 16. Nc4 {could be met by}
Qb7 {without having to be worried about Na5-c6.}) 16... Rfd8 17. Bg3 Bxf3 18.
gxf3 ({Gelfand may have feared that} 18. Nxf3 c4 {would offer Black the
initiative, but this may not be entirely true.} 19. Qxc4 (19. Bxc4 $6 Nc5 $132)
19... Rac8 20. Qe2 b3 21. Nd4 $14) 18... Qa7 19. O-O $6 {A careless move,
allowing Black escape dry out of deep water.} ({After, say} 19. d6 $16 {
White would have a crushing advantage.}) 19... Nxd5 $1 20. Bc6 c4 $1 {Possibly
missed by Gelfand.} 21. Nxc4 Nc5 22. Qc2 Rac8 23. Bxd5 Rxd5 24. Nd6 Rc6 25.
Rad1 Rxd1 26. Rxd1 Qa6 27. Nb5 Ne6 $14 {The position has calmed down and White
retains the extra pawn. However, the exchange of the c5- for the d5-pawn
clearly favours Black. The kingside has lost flexibility, while on the
queenside Black has a space advantage. White's winning chances are highly
problematic.} 28. Qb3 h5 29. h4 Bf6 30. Rd6 Rxd6 31. Nxd6 Qc6 32. Qc4 $6 {
Giving up a pawn for nothing.} (32. Kg2 $14 {/=}) 32... Qxf3 $15 33. Qc8+ Nf8
34. Qc2 Be7 35. Nc4 Qd5 36. b3 Ne6 37. Qd2 Qxd2 38. Nxd2 Nc5 39. Kf1 Bd8 40.
Ke2 f5 41. Bd6 Nb7 42. Bg3 Kf7 43. e4 fxe4 44. Nxe4 Ke6 45. Kd3 Kd5 46. f3 Be7
47. Bf2 Nd8 48. Bb6 Nc6 49. Bf2 Ne5+ 50. Ke2 Bd8 51. Nd2 Nc6 52. Kd3 Ne5+ 53.
Ke2 Nc6 54. Kd3 1/2-1/2

[Event "Bucharest"]
[Site "Bucharest"]
[Date "1996.??.??"]
[Round "?"]
[White "Cosma, Ioan"]
[Black "Marin, Mihail"]
[Result "0-1"]
[WhiteElo "2420"]
[BlackElo "2545"]
[Annotator "Marin,M"]
[PlyCount "106"]
[EventDate "1996.??.??"]
[EventType "tourn"]
[EventRounds "15"]
[EventCountry "ROU"]
[EventCategory "9"]
[SourceTitle "EXT 1999"]
[Source "ChessBase"]
[SourceDate "1998.11.16"]
[SourceVersion "1"]
[SourceVersionDate "1998.11.16"]
[SourceQuality "1"]

1. d4 Nf6 2. c4 e6 3. Nf3 c5 4. d5 d6 5. Nc3 exd5 6. cxd5 g6 7. h3 (7. h3) 7...
a6 8. a4 Qe7 9. Bg5 Nbd7 10. e3 h6 11. Bh4 Bg7 12. Be2 (12. Nd2 O-O 13. Bd3)
12... O-O 13. O-O g5 (13... Ne5) 14. Bg3 Ne8 $5 15. e4 Rb8 16. Qc2 (16. Qd2 b5
17. axb5 axb5 18. Nxb5 (18. Bxb5 $2 Bxc3) 18... Qxe4 19. Nxd6 Nxd6 20. Bxd6
Rxb2) 16... Nc7 17. Rfe1 $1 (17. a5 b5 18. axb6 Rxb6 19. Ra5 Re8 20. Nd2 Ne5
$15) 17... Re8 (17... b5 $132) 18. Qd2 $1 Qf8 (18... b5 $2 19. e5 $1 b4 (19...
dxe5 20. d6) (19... Nxe5 20. Nxe5 Bxe5 21. Bxe5 Qxe5 22. Bxb5) 20. exd6 bxc3
21. bxc3) 19. Bf1 $6 (19. h4 $1 g4 (19... gxh4 20. Nxh4 Ne5 21. Nf5 Bxf5 22.
exf5 b5 23. Ne4 $16) (19... f6 $5 20. Rab1 $1 g4 21. Nh2 h5 22. b4 $14) 20. Nh2
Nf6 (20... h5 21. Qg5) 21. e5 dxe5 22. d6 Na8 (22... Ne6 23. Bxe5) 23. Bf1 Nb6
24. Bxe5 Be6 25. d7 Nbxd7 26. Bxb8 $14) 19... b5 20. axb5 (20. e5 b4 21. exd6
bxc3 22. dxc7 (22. Rxe8 Nxe8) (22. bxc3 Rxe1 23. Rxe1 Ne8) 22... cxd2 23. Rxe8
Qxe8 24. cxb8=Q Nxb8 $17) 20... Nxb5 $1 (20... axb5 21. Ra7 $16) 21. Nxb5 (21.
Bxb5 axb5 22. Ra7 b4 $15) 21... axb5 22. Ra5 (22. Ra7 b4 $5) 22... c4 (22... b4
23. Bb5 $16) 23. Qb4 (23. Ra7) 23... Nc5 24. e5 (24. Rxb5 Rxb5 25. Qxb5 Rxe4
26. Rxe4 Nxe4 27. Qxc4 (27. Bxc4 f5 $1) 27... Nxg3 28. fxg3 Bxb2 $13) (24. Bxc4
Rxe4 25. Rxe4 Nxe4 26. Rxb5 Rxb5 27. Bxb5 f5 $44) 24... Bd7 $1 25. e6 (25. exd6
Ne4) 25... fxe6 26. dxe6 Rxe6 27. Rxe6 Bxe6 28. Rxb5 Rxb5 29. Qxb5 d5 30. Be5
Bxe5 31. Nxe5 Ne4 32. Qb6 $6 (32. Nf3 Qf6 $15) (32. f3 $1 Qc5+ 33. Qxc5 Nxc5
34. Nc6 Na4 (34... Kf7 35. Kf2 Kf6 36. Ke3 Nb3 37. Nd4) 35. Nd4 Kf7 36. b3 cxb3
37. Nxb3 Kf6 38. Kf2 Ke5 39. Ke3) 32... Qd6 33. Qd4 (33. Nc6 Nc5 $1 (33... Bd7
34. Qd8+) 34. Qb5 $2 Bd7) 33... Qc5 34. Nf3 Kf7 35. Be2 (35. Ne5+ Kg7 36. Nf3+
Qxd4 37. Nxd4 Kf6) 35... Qxd4 36. Nxd4 Kf6 37. Kf1 (37. f3 Ng3 38. Kf2 Nf5 39.
Nxf5 Kxf5 40. Ke3 Ke5 $19) 37... Ke5 38. Nf3+ Kd6 39. Ke1 (39. Nd4 Bd7 40. b4
Nc3 41. Ke1 Nb5 42. Nxb5+ Bxb5 43. Kd2 (43. Bf3 d4) 43... c3+ 44. Ke3 c2) (39.
h4 $5) 39... Kc5 40. Nd2 Nxd2 41. Kxd2 d4 42. Bd1 (42. Bg4 Bxg4 43. hxg4 Kb4
44. g3 Kb3 45. Kc1 d3 46. f4 d2+ 47. Kxd2 Kxb2 48. f5 c3+ 49. Kd3 c2 50. f6
c1=Q $19) 42... Bf5 $6 43. Bh5 Be6 (43... Kb4 44. Bf7) 44. Bd1 Kb4 45. Bc2 (45.
Kc1 c3 46. bxc3+ Kxc3 47. Bh5 d3) (45. Ke2 c3 46. bxc3+ dxc3 47. Kd3 Bc4+ 48.
Ke3 Bb3 49. Bg4 Ka3 50. Bf5 Kb2 51. Kd4 Bc2 52. Bd7 Bg6 53. Ba4 Bf7 54. Kc5 Bb3
55. Bc6 c2) (45. Bh5 Kb3 46. Kc1 c3) 45... h5 $1 46. h4 (46. Bd1 h4 47. Bc2 Bd5
48. f3 (48. g3 g4 $1) 48... Bc6 49. Bd1 Bb5 50. Bc2 c3+ 51. bxc3+ dxc3+ 52. Ke3
Ka3 53. Kd4 Kb2 54. Bf5 Bf1) 46... gxh4 47. Bg6 Kb3 48. Kc1 d3 49. Bxh5 c3 50.
bxc3 (50. Bd1+ c2 51. Bf3 d2+ 52. Kxd2 Kxb2) 50... Kxc3 51. Kd1 (51. Bf3 d2+
52. Kb1 Bb3 53. Bh5 d1=Q+) 51... Bd5 (51... Bb3+ $2 52. Ke1 d2+ 53. Kf1 d1=Q+
54. Bxd1 Bxd1 55. Kg1 $11) (51... Bc4 $1 52. Bg4 (52. Ke1 d2+ 53. Kd1 Bb3+)
52... d2 53. Bh5 Bb3+) 52. f4 (52. f3 Bb3+ 53. Ke1 d2+) 52... Bxg2 53. Ke1 Bh3
(53... Bh3 54. Kf2 Bf5 55. Ke3 d2 56. Bd1 h3 57. Kf2 Kb2) 0-1

[Event "Olympiad-39"]
[Site "Khanty-Mansiysk"]
[Date "2010.09.27"]
[Round "6.1"]
[White "Jakovenko, Dmitrij"]
[Black "Papaioannou, Ioannis"]
[Result "1-0"]
[WhiteElo "2726"]
[BlackElo "2622"]
[Annotator "Marin,M"]
[PlyCount "97"]
[EventDate "2010.09.21"]
[EventType "team-swiss"]
[EventRounds "11"]
[EventCountry "RUS"]
[SourceTitle "CBM 139"]
[Source "ChessBase"]
[SourceDate "2010.11.18"]
[SourceVersion "1"]
[SourceVersionDate "2010.11.18"]
[SourceQuality "1"]
[WhiteTeam "Russia III"]
[BlackTeam "Greece"]
[WhiteTeamCountry "RUS"]
[BlackTeamCountry "GRE"]

1. d4 Nf6 2. c4 e6 3. Nf3 c5 4. d5 d6 5. Nc3 exd5 6. cxd5 g6 7. Bf4 a6 8. a4
Bg7 9. h3 O-O 10. e3 Re8 (10... Ne8 11. Be2 Nd7 {Aronian,L (2781)-Gashimov,V 
(2759)/Linares 2010/CBM 135/[Marin,M] (1-0, 58)}) 11. Nd2 Nbd7 12. Be2 Ne5 13.
O-O Nfd7 14. Bg3 f5 15. Qc2 Kh8 $6 $146 {I do not quite get the point behind
this move and the following regrouping. There was no danger along the a2-g8
diagonal.} (15... b6 16. b3 Nf6 17. Nc4 Nf7 18. Rab1 Bb7 {Eljanov,P (2751)
-Gashimov,V (2734)/Astrakhan 2010/CBM 137/[Marin,M] (1/2, 61)}) 16. b3 Rb8 17.
Nc4 Qf6 18. Rac1 b6 19. Qd2 Qe7 20. Rfe1 Nxc4 {If this is necessary, things
must have gone wrong for Black earlier.} 21. bxc4 $16 Ne5 22. Bf1 Bd7 23. Rb1
Qf6 24. Rb3 g5 25. Reb1 Ng6 26. Ne2 b5 27. axb5 axb5 28. cxb5 c4 29. Ra3 f4 30.
exf4 gxf4 31. Nxf4 c3 32. Nxg6+ Qxg6 33. Qa2 Rec8 34. Bf4 h6 35. Ra6 c2 36. Rc1
Bxb5 37. Bxb5 Rxb5 38. Rc6 Rc5 39. Be3 Qd3 40. Bxc5 Rxc6 41. dxc6 Qd1+ 42. Kh2
Qxc1 43. c7 Be5+ 44. g3 Bxg3+ 45. Kg2 Qg1+ 46. Kxg1 c1=Q+ 47. Kg2 Qxc5 48. Qf7
Bxf2 49. Qf8+ 1-0

[Event "EU-chT (Men) 19th"]
[Site "Warsaw"]
[Date "2013.11.12"]
[Round "5.5"]
[White "Baron, Tal"]
[Black "Pantsulaia, Levan"]
[Result "1/2-1/2"]
[WhiteElo "2487"]
[BlackElo "2595"]
[Annotator "Marin,M"]
[PlyCount "103"]
[EventDate "2013.11.08"]
[EventType "team-swiss"]
[EventRounds "9"]
[EventCountry "POL"]
[SourceTitle "CBM 158"]
[Source "ChessBase"]
[SourceDate "2014.01.16"]
[SourceVersion "1"]
[SourceVersionDate "2014.01.16"]
[SourceQuality "1"]
[WhiteTeam "Israel"]
[BlackTeam "Georgia"]
[WhiteTeamCountry "ISR"]
[BlackTeamCountry "GEO"]

1. d4 Nf6 2. c4 e6 3. Nf3 c5 4. d5 d6 5. Nc3 exd5 6. cxd5 g6 7. Bf4 a6 8. a4
Bg7 9. h3 O-O 10. e3 Re8 ({The other way of preparing the queen's knight's
development is} 10... Ne8 11. Be2 Nd7 12. O-O h6 (12... Qe7 {1-0 (58) Aronian,
L (2781)-Gashimov,V (2759) Linares 2010 CBM 135 [Marin,M]}) 13. e4 Rb8 14. Bg3
Qe7 15. Re1 g5 {1/2 (59) Eljanov,P (2697)-Gashimov,V (2760) Ningbo 2011 CBM
144 [Marin,M]}) 11. Nd2 Nbd7 12. Be2 Ne5 13. O-O Nfd7 14. a5 $5 {A rare move.
Generally speaking, White should not hurry with a4-a5, unless he is sure that
he can stabilise the queenside. With the pawn on a4, Black would have to work
hard to threaten ...b7-b5, but now all he has to do is to look for the best
way of playing it.} ({Few rounds later Pantsulaia faced the more common} 14.
Qc2 b6 (14... f5 15. Bg3 Kh8 16. b3 Rb8 {1-0 (49) Jakovenko,D (2726)
-Papaioannou,I (2622) Khanty-Mansiysk 2010 CBM 139 [Marin,M]}) 15. Bg3 f5 16.
b3 Qf6 (16... Nf6 {Eljanov,P (2751)-Gashimov,V (2734)/Astrakhan 2010/CBM 137/
[Marin,M] (1/2, 61)}) 17. Rac1 Rb8 18. Rfe1 Nf7 19. Nc4 b5 $13 {Moiseenko,A 
(2709)-Pantsulaia,L (2595)/Warsaw 2013/CBM 158 (1/2, 43)}) 14... f5 $1 {
This gaining of space is necessary anyway.} (14... b5 $6 {is premature:} 15.
axb6 Qxb6 (15... Nxb6 16. e4 $14 {does not look like an improvement, since} f5
{fails to equalise.} 17. exf5 Bxf5 18. Rxa6 Rxa6 19. Bxa6 Bd3 20. Bxd3 Nxd3 21.
Bg3 Nxb2 22. Qb3 {[%csl Gd6] There are several tactical possibilities for
Black, but at the end of most variations the d6-pawn would be hanging.}) 16.
Ra2 f5 17. Re1 Bb7 18. Bf1 Rec8 19. e4 fxe4 20. Ndxe4 Rf8 21. Bg5 $14 {
Kosteniuk,A (2448)-Cmilyte,V (2503) Tbilisi 2012 (1-0, 36)}) 15. Qc2 Qf6 $6 {
Although Panstulaia was following a recent game of his own, I do not believe
that defining the queen's intentions so soon can be good. Black has no real
threats on the kingside, so the queen would have been more useful on the
opposite wing.} ({Now was a good time for} 15... b5 16. axb6 Nxb6 17. Nb3 {
[%cal Gb3a5]} (17. Ra3 {[%cal Gf1a1,Ge2a6]} a5 18. Rfa1 Bd7 $132 {[%cal Ga5a4]}
19. Rxa5 $6 Rxa5 20. Rxa5 Nxd5) 17... Nec4 $1 {[%csl Ga5]} (17... a5 $2 18.
Nxa5 Nxd5 19. Nxd5 Rxa5 20. Bg5 $1 $18) 18. Ra2 (18. Na4 Nxa4 19. Bxc4 Nxb2 20.
Be2 a5 $132) 18... Qc7 19. Rfa1 Bb7 20. Nd2 Nxd2 21. Qxd2 c4) 16. Ra3 Rb8 ({
With the queen far from the queenside,} 16... b5 $2 {does not make sense:} 17.
axb6 Nxb6 18. Qb3 $16 {[%csl Ya6][%cal Yf1a1]}) 17. Bh2 $146 {There was no
immediate threat of ...g5 and ...f4, in view of Nd2-e4, so the bishop retreat
must be interpreted as a way of preparing f2-f4.} ({Pantsulaia's previous game
went} 17. Bg3 h5 18. f4 Nf7 19. Nf3 Qd8 20. e4 b5 21. axb6 fxe4 22. Nxe4 Qxb6
23. Rb1 Nf8 24. Nh4 Nh6 25. Bf2 Nf5 26. Nf3 (26. Nxg6 Nxg6 27. Bxh5 Rxe4 28.
Qxe4 Qb4 29. Qe8+ Nf8 30. Qf7+ Kh8 31. g4 Rb7 32. Qe8 Bd7 $13) 26... a5 $132 {
Krush,I (2492)-Pantsulaia,L (2596) Baku 2013 (1/2, 55)}) ({I am not so sure,
though, whether opening the kingside is the best plan. I would rather think of
a queenside plan, which would keep the central majority flexible.} 17. Rb1 g5
18. Bh2 Qg6 19. b4 $36) ({Or simply} 17. Na4) 17... Bh6 {This and the next
move are complete mystery to me, but the Benoni is complicated enough to allow
mysterious plans.} 18. Kh1 (18. f4 Nf7 19. e4 b5 20. axb6 Nxb6) (18. Na4 $16 f4
$2 19. Ne4 Qf8 20. exf4 Bxf4 21. Bxf4 Qxf4 22. Nxd6 $18) (18. Rb1 $16) 18...
Nf7 19. Re1 (19. Nc4 Nfe5 (19... b5 20. axb6 Nxb6 21. Na5 $16) 20. Nxe5 Nxe5
21. Rb3 Nd7 22. Na4 f4 $5) 19... b5 $6 {White was not doing much, but the last
move offers him a clear plan.} 20. axb6 Rxb6 21. Rea1 Nb8 22. Rb3 $16 {This is
the kind of position when one natural question is whether the Queen's Gambit
Declined is not a safer opening option. Black is passive and has lots of
weaknesses.} Qd8 23. Nc4 Rxb3 24. Qxb3 Qc7 25. Na4 (25. Qb6 Qxb6 26. Nxb6 Bb7
27. g4 fxg4 28. Bxg4 Bg7 29. Kg1 $16) 25... f4 26. Nab6 Bf5 27. Bf3 fxe3 28.
fxe3 Bf8 29. e4 $5 Bxe4 30. Bg4 Ng5 (30... Bf5 31. Bxf5 gxf5 32. Qg3+ Bg7 33.
Re1 Rxe1+ 34. Qxe1 Be5 35. Nxe5 dxe5 36. Nc4 Nd7 37. d6 Qc6 38. Nxe5 Nfxe5 39.
Bxe5 Qe4 40. Qg3+ Kf7 41. Qg7+ Ke6 42. Qe7+ Kd5 43. Bc3 Kc6 44. Qxh7 $16) 31.
Qa4 (31. Qg3 Qf7 32. Re1 $36) 31... Qf7 32. Nxd6 Bxd6 33. Bxd6 h5 34. Be6 Nxe6
$2 (34... Bxg2+ 35. Kxg2 Rxe6 36. dxe6 Qf3+ $11) 35. Qxe4 Nd4 36. Qd3 $16 Nf5
37. Bxc5 Qf6 38. d6 Qxb2 39. Qd5+ Kg7 40. Rd1 Qc3 41. Bf2 Nc6 42. d7 Re2 43.
Nc4 (43. Qc5 $16 Qxc5 44. Bxc5 Nd8 45. Nc4) 43... Nd8 (43... Rxf2 $1 44. Qxc6
Rf1+ 45. Rxf1 Ng3+ 46. Kg1 Qd4+ $11) 44. Kg1 Qc2 45. Rf1 Qe4 46. Qa5 (46. Qxe4
Rxe4 47. Rc1 $16) 46... Ne6 47. Qa1+ Kh7 48. Qf6 Nf4 49. Qg5 Ne6 50. Qf6 Nf4
51. Qg5 Ne6 52. Qf6 1/2-1/2

[Event "Excelsior Cup"]
[Site "Gothenburg"]
[Date "2002.01.15"]
[Round "8"]
[White "Yakovich, Yuri"]
[Black "Marin, Mihail"]
[Result "1-0"]
[WhiteElo "2593"]
[BlackElo "2551"]
[Annotator "Marin,M"]
[PlyCount "91"]
[EventDate "2002.01.08"]
[EventType "tourn"]
[EventRounds "9"]
[EventCountry "SWE"]
[EventCategory "9"]
[SourceTitle "EXT 2003"]
[Source "ChessBase"]
[SourceDate "2002.11.25"]
[SourceVersion "1"]
[SourceVersionDate "2002.11.25"]
[SourceQuality "1"]

1. d4 Nf6 2. c4 e6 3. Nf3 c5 4. d5 d6 5. Nc3 exd5 6. cxd5 a6 7. a4 g6 8. Nd2
Nbd7 9. e4 Bg7 10. Nc4 Nb6 11. Ne3 O-O 12. Bd3 Re8 13. O-O Bd7 14. Bd2 Rb8 15.
a5 Nc8 16. Nc4 Ng4 (16... b5 17. axb6 Nxb6 18. Nxd6 (18. b3 Nxc4 19. bxc4 a5
$132) 18... Bg4 19. Nxe8 $5 (19. f3 Qxd6 20. fxg4 $14) 19... Bxd1 20. Nxf6+ $16
) (16... Bb5) 17. Be2 (17. Bf4 Ne5 18. Nxe5 Bxe5 19. Bxe5 dxe5) 17... Bb5 (
17... Ne5 18. Ne3) (17... f5 18. exf5 $14) 18. b3 Bxc4 19. bxc4 Nxh2 $5 20.
Kxh2 (20. Re1 Bd4) 20... Qh4+ 21. Kg1 Be5 22. g3 Bxg3 23. Kg2 $138 (23. fxg3
Qxg3+ $11) 23... Qh2+ 24. Kf3 Bh4 (24... Bxf2 25. Bf4 $1 (25. Rxf2 $4 Qh3+ 26.
Kf4 g5+ 27. Kxg5 Qg3+ $44) 25... Qh3+ 26. Kxf2 Qxc3 27. Qd3 $16) 25. Bf4 (25.
Bd3 f5) 25... Qh3+ 26. Bg3 Bxg3 (26... f5 27. Rh1 fxe4+ 28. Nxe4 Qf5+ 29. Kg2
Qxe4+ (29... Bxg3 30. Nxg3 $16) 30. Bf3 $16) 27. fxg3 f5 28. Bd3 (28. exf5 Ne7
29. Bd3 (29. Rh1 Qxf5+ 30. Kg2 Qe5 31. Qd3 Nf5 $44 {/\ 32...b5})) 28... fxe4+
$2 (28... f4 29. Kxf4) (28... Ne7 29. exf5 Nxf5 30. Bxf5 Rf8 31. Ke2 $1 (31.
Ke3 Qxg3+ $13) 31... Rxf5 (31... Qg2+ 32. Kd3 $1) 32. Rxf5 Qxf5 33. Kd2 (33.
Qd3 Re8+ 34. Kd2 Qf2+ 35. Ne2 Rxe2+ 36. Qxe2 Qd4+ 37. Kc2 Qxa1 38. Qe8+ $11)
33... Qg5+ (33... b5 $5) 34. Kc2 Qxg3 35. Qe1 $5) 29. Nxe4 Rf8+ (29... Ne7 30.
Nf6+ Kg7 31. Rh1 $1) 30. Ke3 Ne7 31. Rxf8+ Rxf8 32. Qh1 $16 Qd7 33. Kd2 Nf5 34.
g4 Nd4 35. Rf1 Qd8 36. Rxf8+ Kxf8 37. Qf1+ Kg7 38. Ke3 Qh4 39. g5 Nf5+ 40. Kd2
Qh2+ 41. Qf2 Qe5 42. Ke2 (42. Kc1) 42... Nd4+ 43. Kf1 Nf5 44. Kg2 Qa1 45. Nf6
Qe5 46. Ng4 1-0